000 00596nam a2200229Ia 4500
003 OSt
005 20221007063008.0
006 a|||||r|||| 00| 0
007 ta
008 221006b |||||||| |||| 00| 0 eng d
024 _a17,302
037 _cTextual
040 _aFLL
_cFLL
_beng
041 _2eng
_aeng
082 _aXM55:Z2, H6
100 _aShah S.M. Au.
_9683675
245 0 _aLectures on company law
260 _aBombay
_bN.M. tripathi ltd. India
_c1946
300 _a407p
_ccm.
942 _hXM55:Z2, H6
_cTEXL
_2CC
999 _c1130048
_d1130048